000 00465nam a22001817a 4500
003 MPLRDC
005 20220104160128.0
008 210129b ||||| |||| 00| 0 eng d
020 _a7-204-07592-7
082 _a536.87 THS
100 _a唐华山编著
245 _a犹太人金钱与人生
_c
250 _a一版一刷
260 _a中国
_b内蒙古人民出版社
_c2005
300 _b250
650 _a民族志--犹太民族
942 _cBK
_o536.87 THS
999 _c54824
_d54814